| 000 | 01038nam a2200241 a 4500 | ||
|---|---|---|---|
| 001 | 65155 | ||
| 003 | BD-RjUL | ||
| 005 | 20211209081407.0 | ||
| 008 | 170228s1992 bg a|||| |||| 00| 0 ben d | ||
| 035 | _a(BD-RjUL)65285 | ||
| 040 |
_aBD-RjUL _bben _cBD-RjUL _dBD-RjUL |
||
| 041 | _aben | ||
| 082 |
_223 _a840.9 _bCHF 1992 |
||
| 100 |
_aচক্রবর্ত্তী, গুরুপদ _9173181 |
||
| 245 |
_aফরাসী সাহিত্যের ইতিহাস _b=L'histoire de la litterature francaise -tome 1 / _cগুরুপদ চক্রবর্ত্তী |
||
| 250 | _a১ম সংস্করন. | ||
| 260 |
_aচট্রগ্রাম : _bআলিয়স ফ্রঁপেজ, _c১৯৯২ |
||
| 300 |
_a১০৩ পৃ. : _bচিত্র. ; _c২২ সেমি. |
||
| 505 | 0 | _aখন্ড. ১. -- | |
| 650 |
_aফরাসি সাহিত্য _9170454 _vইতিহাস ও সমালোচনা |
||
| 650 |
_aFrench literature _9192971 _vHistory and criticism |
||
| 942 |
_2ddc _cBK |
||
| 999 |
_c65155 _d65155 |
||